Po italsku do hubky /

Co myslíte, jaké těstoviny milují italské děti, vybíraví muži, ženy v krizi i v nekrizi, postarší štramandy i se svými fešáky, notabene tedy celý národ italský? Toto a mnohem více s kupou typických receptů z italského dolomitského podhůří, určených jak pro vařící a kuchařící nadšence, tak pro čistě...

Celý popis

Uloženo v:
Hlavní autor: Kučíková, Marta (Autor)
Korporativní autor: Ikar (nakladatelství) (Autor)
Médium: Kniha
Jazyk:Czech
Vydáno: Praha : Ikar, 2026
Vydání:Vydání druhé, v Euromedia Group první
Témata:
Celkem bylo vypůjčeno:1x
Tagy:
Žádné tagy
LEADER 01607nam a2200301 i 4500
001 106455
003 CZ PrSKC
005 20260603082706.0
008 260526s2026 xr ||| | cze
020 |a 9788024960135  |q (vázáno) :  |c Kč 359,00 
040 |a JHG001  |b cze  |e rda 
072 7 |a 641  |x Kuchařství. Potraviny. Vařená jídla  |2 Konspekt  |9 19 
100 1 |a Kučíková, Marta  |7 xx0218673  |4 aut  |9 108270 
245 1 0 |a Po italsku do hubky /  |c Marta Kučíková 
250 |a Vydání druhé, v Euromedia Group první 
264 1 |a Praha :  |b Ikar,  |c 2026 
300 |a 234 stran ;  |c 19 cm 
336 |a text  |b txt  |2 rdacontent 
337 |a bez média  |b n  |2 rdamedia 
338 |a svazek  |b nc  |2 rdacarrier 
520 2 |a Co myslíte, jaké těstoviny milují italské děti, vybíraví muži, ženy v krizi i v nekrizi, postarší štramandy i se svými fešáky, notabene tedy celý národ italský? Toto a mnohem více s kupou typických receptů z italského dolomitského podhůří, určených jak pro vařící a kuchařící nadšence, tak pro čistě nevařící praktiky, prozradí s přívětivostí i špetkou humoru autorka, žijící v této oblasti již více než dvě desetiletí. 
650 0 7 |a italská jídla  |7 ph114806  |2 czenas 
655 7 |a kuchařské recepty  |7 fd132687  |2 czenas  |9 53684 
710 2 |a Ikar (nakladatelství)  |7 xx0237091  |4 aut  |9 117123 
910 |a UOG502 
942 |2 ddc  |c KN 
999 |d 106455 
993 |0 0  |1 421180107171  |2 ddc  |4 0  |6 641_000000000000000  |7 0  |9 99890  |b 0  |c 107171  |d 2026-06-03  |e 1  |f DOSP  |g 641  |h 359.00  |i Koupě  |l DOSP  |q 2026-07-16  |r 2026-06-04  |s 2026-06-04  |t 5  |w 2026-06-03  |y KN  |z NAUCNA  |n